Factorization of measurable matrix functions /

Bibliographic Details
Main Author: Litvinchuk, G. S. (Georgiĭ Semenovich), 1931-
Other Authors: Spitkovskiĭ, Ilya M., 1953-, Heinig, Georg
Format: Book
Language:English
Russian
Published: Basel ; Boston : Birkhäuser Verlag, 1987.
Series:Operator theory, advances and applications ; v. 25.
Subjects:

MARC

Tag First Indicator Second Indicator Subfields
LEADER 00000cam a22000008a 4500
001 in00000020912
005 20151007055524.0
008 870311s1987 sz b 00110 eng
010 |a  87006632  
020 |a 081761883X (U.S.) 
035 |a (OCoLC)15427482 
035 |9 AAB8481AM 
040 |a DLC  |c DLC  |d m/c  |d TXA  |d UtOrBLW 
041 1 |a eng  |a rus 
049 |a TXAM  |c 1 [A11650297], 2 [A11662888] 
050 0 0 |a QA188  |b .L58 1987 
082 0 |a 512.9/434  |2 19 
100 1 |a Litvinchuk, G. S.  |q (Georgiĭ Semenovich),  |d 1931- 
245 1 0 |a Factorization of measurable matrix functions /  |c Georgi S. Litvinchuk, Ilia M. Spitkovskiĭ ; edited by Georg Heinig ; translated from the Russian by Bernd Luderer ; with a foreword by Bernd Silbermann. 
263 |a 8709 
264 1 |a Basel ;  |a Boston :  |b Birkhäuser Verlag,  |c 1987. 
300 |a 372 pages 
336 |a text  |b txt  |2 rdacontent 
337 |a unmediated  |b n  |2 rdamedia 
338 |a volume  |b nc  |2 rdacarrier 
490 1 |a Operator theory, advances and applications ;  |v v. 25 
504 |a Bibliography: pages 340-370. 
500 |a Includes index. 
650 0 |a Matrices. 
650 0 |a Factorization (Mathematics) 
700 1 |a Spitkovskiĭ, Ilya M.,  |d 1953- 
700 1 |a Heinig, Georg. 
830 0 |a Operator theory, advances and applications ;  |v v. 25. 
999 |a MARS 
999 f f |s da5746bb-7080-351f-9e51-5d657e145633  |i 94ce4d6b-d768-3976-b9d4-044decafb124  |t 0 
952 f f |p ric  |a Texas A&M University  |b Rellis Campus  |c Joint Library Facility  |d Remote Storage  |t 0  |e QA188 .L58 1987  |h Library of Congress classification  |i unmediated -- volume  |m A14811662888 
998 f f |a QA188 .L58 1987  |t 0  |l Remote Storage